00880nam a2200241Ia 4500001000600000003000900006008004100015040001300056040001300069041001300082100001900095100002900114245006300143245006400206250001100270260001000281260000900291260004900300300005900349500017700408650002200585650003100607H2582IT-RoPAU130308s9999 xx 000 0 und d aIT-RoPAU cIT-RoPAU aFRANCESE aFaivre Bernard gCodice Aut. SPICS: 24978 aEcrire au pluriel: le theatre de l'aquarium de 1970 a 1977 bEcrire pour le Theatre. Les Enjeux de L'Ecriture Dramatique a1a ed. aPARIS bCNRS c2000 [1° Ed.:2000 - Ed.Ling.Originale:2000] a"14 p. (prefazione: no ; testo: 14 [pagine: 161-174])" aScrivere al Plurale: Creazione Collettiva. creazioni del Teatro dell'Aquarium dal 1970 al 1977. Nascita del Collettivo. tensioni e Brancolamenti. Supremazia del Collettivo. aTEORICHE TEATRALI eCodice materia Spics: 8405